| 000 | 00540cam a2200193ua 4500 | ||
|---|---|---|---|
| 001 | 11906 | ||
| 008 | 191118n ii |||gr||||Z||||||eng | ||
| 020 | _a9788177083484 | ||
| 040 | _cMAIN | ||
| 082 | _a333.7 | ||
| 100 |
_aAmarendra Das, _eAuthor. |
||
| 245 |
_aEnvironment,natural resources and the Indian Economy _cEdited by Amarendra Das |
||
| 250 | _a1st ed. | ||
| 260 |
_aNew Delhi: _bNew Century Publucations, _c2014. |
||
| 300 | _a225p. | ||
| 653 | _aEconomics ofland & energy | ||
| 700 |
_aPadmaja mishra, _eAuthor. |
||
| 942 | _cBK | ||
| 999 |
_c10694 _d10694 |
||